Countries With The Lowest Population - Statistics

General Stats
  • This quiz has been taken 12 times
  • The average score is 6 of 10
Answer Stats
Hint Answer Population (Approximate) % Correct
#1 Vatican 500-800
100%
#2 Tuvalu 10,000
73%
#6 Liechtenstein 38,500
64%
#7 Monaco 40,000
64%
#3 Nauru 12,500
64%
#8 Marshall Islands 42,000
55%
#4 Palau 17,500
55%
#5 San Marino 34,000
55%
#10 Dominica 65,000
45%
#9 St. Kitts And Nevis 46,000
45%
No matching quizzes found
Score Distribution
Percent of People with Each Score
Percentile by Number Answered
Your Score History
You have not taken this quiz